Dark vector / Ward Larsen.
Available copies
- 0 of 2 copies available at LARL/NWRL Consortium.
- 0 of 2 copies available at Lake Agassiz Regional Library. (Show preferred library)
Current holds
1 current hold with 2 total copies.
Show Only Available Copies
| Location | Call Number / Copy Notes | Barcode | Shelving Location | Status | Due Date |
|---|---|---|---|---|---|
| Detroit Lakes Public Library | LAR (Text) | 33500014290084 | New | Checked out | 05/19/2026 |
| Moorhead Public Library | LAR (Text) | 33500014290092 | New | Checked out | 05/26/2026 |
Record details
- ISBN: 9781250343529
- ISBN: 1250343526
- Physical Description: 339 pages ; 25 cm.
- Edition: First edition.
- Publisher: New York : Forge/Tor Publishing Group, 2025.
Content descriptions
| General Note: | "David Slaton passes the baton in this first in a ... new series"--Dust jacket flap. |
| Summary, etc.: | "In the wilds of Siberia, a top-secret Russian ... Read More |
Search for related items by subject
| Genre: | Spy fiction. Action and adventure fiction. Suspense fiction. Spy fiction. Action and adventure fiction. Thrillers (Fiction) |
Search for related items by series
| LDR | 03463cam a2200661 i 4500 | ||
|---|---|---|---|
| 001 | 448011 | ||
| 003 | LARL_NWRL_CONSORTIUM | ||
| 005 | 20251016150210.0 | ||
| 008 | 250128s2025 nyu e 000 1 eng d | ||
| 040 | . | ‡aIG# ‡beng ‡erda ‡cIG# ‡dOCLCO ‡dGL4 ‡dIK2 ‡dOCLCO ‡dJTH ‡dMWD ‡dBKL ‡dGO3 ‡dYU6 | |
| 020 | . | ‡a9781250343529 ‡q(hardcover) | |
| 020 | . | ‡a1250343526 ‡q(hardcover) | |
| 035 | . | ‡a(OCoLC)1492301274 | |
| 043 | . | ‡ae-ru--- | |
| 082 | 0 | 4. | ‡a813/.6 ‡223/eng/20250128 |
| 100 | 1 | . | ‡aLarsen, Ward, ‡eauthor. ‡1https://id.oclc.org/worldcat/entity/E39PCjwrBMP7dqbkgbgXQF8tJC ‡0(LARL_NWRL_CONSORTIUM)221541 |
| 245 | 1 | 0. | ‡aDark vector / ‡cWard Larsen. |
| 250 | . | ‡aFirst edition. | |
| 264 | 1. | ‡aNew York : ‡bForge/Tor Publishing Group, ‡c2025. | |
| 300 | . | ‡a339 pages ; ‡c25 cm. | |
| 336 | . | ‡atext ‡btxt ‡2rdacontent | |
| 337 | . | ‡aunmediated ‡bn ‡2rdamedia | |
| 338 | . | ‡avolume ‡bnc ‡2rdacarrier | |
| 490 | 0 | . | ‡aDavid Slaton and Tru Miller ; ‡v1 |
| 500 | . | ‡a"David Slaton passes the baton in this first in a ... new series"--Dust jacket flap. | |
| 520 | . | ‡a"In the wilds of Siberia, a top-secret Russian fighter goes missing on a test flight. The Russian Air Force begins a search, oblivious to their error: they are looking in the wrong spot. The pilot, Colonel Maxim Primakov, has crash landed during an attempted defection.The new chief of CIA clandestine operations, David Slaton, wants desperately to find him, but only one man is in a position to reach Primakov--Tru Miller, a rookie operator. Slaton plots a rescue deep inside Russia, not realizing that he will have to outfox the one other man who knows the truth. Victor Dubonin is a general in Russian intelligence. His search for Primakov is deeply personal--and if he doesn't succeed it will cost him his life"-- ‡cProvided by publisher. | |
| 600 | 1 | 0. | ‡aSlaton, David ‡c(Fictitious character) ‡vFiction. |
| 610 | 1 | 0. | ‡aRussia (Federation). ‡bGlavnoe razvedyvatelʹnoe upravlenie ‡vFiction. |
| 650 | 0. | ‡aAir pilots, Military ‡vFiction. ‡0(LARL_NWRL_CONSORTIUM)163362 | |
| 650 | 0. | ‡aTest pilots ‡vFiction. | |
| 650 | 0. | ‡aDefectors ‡zRussia (Federation) ‡vFiction. | |
| 650 | 0. | ‡aSearch and rescue operations ‡vFiction. ‡0(LARL_NWRL_CONSORTIUM)174869 | |
| 650 | 0. | ‡aMilitary weapons ‡xTechnological innovations ‡vFiction. | |
| 650 | 0. | ‡aIntelligence service ‡zUnited States ‡vFiction. ‡0(LARL_NWRL_CONSORTIUM)165316 | |
| 650 | 0. | ‡aIntelligence service ‡zRussia (Federation) ‡vFiction. | |
| 651 | 0. | ‡aRussia (Federation) ‡xForeign relations ‡zChina ‡vFiction. | |
| 651 | 0. | ‡aSiberia (Russia) ‡vFiction. ‡0(LARL_NWRL_CONSORTIUM)168847 | |
| 651 | 0. | ‡aSibirskiĭ federalʹnyĭ okrug (Russia) ‡vFiction. | |
| 650 | 7. | ‡aMilitary air pilots ‡vFiction. ‡2sears | |
| 650 | 7. | ‡aRescue work ‡vFiction. ‡2sears ‡0(LARL_NWRL_CONSORTIUM)167021 | |
| 655 | 0. | ‡aSpy fiction. | |
| 655 | 0. | ‡aAction and adventure fiction. | |
| 655 | 0. | ‡aSuspense fiction. | |
| 655 | 7. | ‡aSpy fiction. ‡2lcgft | |
| 655 | 7. | ‡aAction and adventure fiction. ‡2lcgft | |
| 655 | 7. | ‡aThrillers (Fiction) ‡2lcgft | |
| 901 | . | ‡a448011 ‡bOCoLC ‡c448011 ‡tbiblio ‡soclc | |

Add to basket
Permalink
Enable Highlighting